| 000 | nam a22 a 4500 | ||
|---|---|---|---|
| 999 |
_c390 _d390 |
||
| 003 | AKMAL | ||
| 005 | 20170503154107.0 | ||
| 008 | 170503s2004 my a e | f001 0 may d | ||
| 020 | _a9679311740 (kkt.) | ||
| 040 | _aAKMAL | ||
| 082 | 0 | 4 |
_a028.909595 BAC _222 |
| 090 | 0 | 0 |
_a028.909595 _bBAC |
| 245 | 0 | 0 |
_aBacaan kegemaran rakyat Malaysia = _bFavourite read of Malaysians |
| 246 | 3 | 1 | _aFavourite read of Malaysians |
| 260 |
_aKuala Lumpur : _bPerpustakaan Negara Malaysia, _c2004 |
||
| 300 |
_a152ms. : _bil. wrn. ; _c30cm. |
||
| 500 | _aMengandungi indeks | ||
| 650 | 1 | 0 |
_aBooks and reading _zMalaysia _9883 |
| 650 | 2 | 0 |
_aReading interests _zMalaysia _9884 |
| 710 | 2 |
_aPerpustakaan Negara Malaysia _9743 |
|
| 942 |
_2ddc _cBOOK |
||
| 950 | _lAKMAL | ||